Montaillou, aldea occitana: de 1294 a 1324

Uloženo v:
Podrobná bibliografie
Hlavní autor: Le Roy Ladurie, Emmanuel (Autor)
Médium: Kniha
Jazyk:španělština
Vydáno: Barcelona Penguin Random House 2019
Vydání:2a. ed
Edice:Clásicos Radicales
Témata:
Tagy: Přidat tag
Žádné tagy, Buďte první, kdo vytvoří štítek k tomuto záznamu!

MARC

LEADER 00000cam a2200000 a 4500
001 UCC8639
003 CL-VaPUC
005 20210605001603.0
008 190802e20190000sp |||||||||||||||||spa|d
020 |a 9788430622559 
040 |c Pontificia Universidad Católica de Valparaíso 
082 0 4 |a 940.1  |b LER  |2 21 
100 0 |a Le Roy Ladurie, Emmanuel  |e author  |9 603342 
245 1 0 |a Montaillou, aldea occitana: de 1294 a 1324 
250 |a 2a. ed 
260 |a Barcelona  |b Penguin Random House  |c 2019 
300 |a 655 p 
490 0 |a Clásicos Radicales 
583 |a last modification  |c 20190802 10:24:00  |k Rodrigo Vera 
650 0 |a Historia medieval   |9 258042 
650 0 |a Edad media  |9 258041 
942 |c BK 
945 |d 20190802 10:24:00  |a dcastane 
999 |c 374909  |d 374907 
952 |0 0  |1 0  |3 erb  |4 0  |6 940_100000000000000_LER_2019  |7 0  |8 A  |9 493677  |a BIBHIS  |b BIBHIS  |i 5556635  |o 940.1 LER 2019  |p 5556635  |r 2025-01-20  |w 2019-11-24  |y BK  |z Catalogado en:20190802  |k HIS